000 00798nam a22002177a 4500
005 20241129112642.0
010 _aENG-142721
020 _c860.00
_a9789361593000
035 _aEN-126253
037 _bDBAD
082 _a338.1095475
_210
100 _aFeldman, Robert S.
_974331
245 _aDevelopment Across The Life Span/
_cBy Robert S. Feldman [and] Nandita Babu
250 _a10
260 _aUttar Pradesh
_bPearson India Education Pvt Ltd
_c2025
270 _bUttar Pradesh
_a1st FLoor, Berger Tower, Plot No. C-001A/2, Sector-16B, Noida
_e201301
300 _axxvi,695p.
_c28cm(pb)
_bIndex
500 _aIndian Sociocultural Context | Includes World Events (Covid-19 Pandemic)
700 _aBabu, Nandita
_eAuthor
_974332
942 _2ddc
_cEN
_h338.1095475
_mFEL
_e10
999 _c207197
_d207197